1086 1398 1165 1381 1352 1607 1328 1004 1534 1230 1496 1207 1847 1345 1145 1548 1352 1276 1692 1745 1517 1648 1729 1944 1694 1920 1539 1264 1804 1883 1904 1180 1376 1773 1114 1112 1869 1476 1412 1862 1594 1294 1908 1519 1168 1660 1833 1327 1297 1278 1618 1042 1150 1084 1938 1668 1728 1666 1521 1347 1588 1762 1848 1630 1189 1556 1298 1294 1116 1010 1325 1586 1640 1688 1437 1852 1041 1445 1703 1033 1983 1700 1187 1729 1372 1358 1417 1750 1196 1219 1471 1658 1684 1401 1178 1278 1023 1442 1972 BCNSPRNW ULIB Ver.6.0+V

เปลี่ยนเป็นภาษาไทย

Change to English
 แสดงรายละเอียดบรรณานุกรม
  กลับหน้าหลัก

Brief Record : Get Marc (ISO 2709) : E-mail record : QR code < ปิดหน้าต่าง
LEADER : 00000nam 2200000uu 4500
001    13399110953
003     ULIB
008    110614s2550||||th 000 0 tha d
020    9789749601303
050 04 AC158^bภ372ค 2550
100 0  Nathalie Tordjman
245 10 คู่มือ kid ดี /^cNathalie Tordjman, เขียน ; ภัทรมน พัวไพโรจน์, แปล
250    พิมพ์ครั้งที่ 1
260    กรุงเทพฯ :^bนานมีบุ๊คส์พับลิเคชั่นส์,^c2550
300    207 หน้า :^bภาพประกอบ ;^c19 ซม
650  7 อยู่ในสังำคม
650  7 การดำเนินชีวิต
945    ^p195^l0^i025142
995    ทศพร
999 ^a ใช้งานได้ทุกระบบ
รายการนี้ยังไม่มีแท็ก
คุณยังไม่ได้ล็อกอิน คุณสามารถมีกิจกรรมร่วมกับเว็บไซต์ได้ แต่ต้องล็อกอินก่อน ::
  ล็อกอิน

รายการสื่อสารสนเทศ

ลำดับที่ ประเภท เลขเรียก/บาร์โค้ด สถานที่ สถานะ
- ไม่พบข้อมูล -

รายการใกล้เคียง
    หัวเรื่อง [การดำเนินชีวิต]

BibComment


ยังไม่เคยถูกคอมเมนท์

คอมเมนท์ทรัพยากรรายการนี้
  คอมเมนท์: คู่มือ kid ดี Na..


 Copyright 2026. Bcnsprnw @Library